Natural language processing in the 1980s : a bibliography
Αποθηκεύτηκε σε:
| Άλλοι συγγραφείς: | |
|---|---|
| Μορφή: | Βιβλίο |
| Γλώσσα: | English |
| Δημοσίευση: |
Stanford, CA :
Center for the Study of Language and Information,
c1987
|
| Σειρά: | CSLI lecture notes ;
; no. 12 |
| Θέματα: | |
| Ετικέτες: |
Προσθήκη ετικέτας
Δεν υπάρχουν, Καταχωρήστε ετικέτα πρώτοι!
|
MARC
| LEADER | 00000cam a2200000 i 4500 | ||
|---|---|---|---|
| 001 | 1/83575 | ||
| 008 | 980930s1987 eng d | ||
| 020 | |a 0-937073-28-8 | ||
| 035 | |l 10034231 | ||
| 035 | |a 1988 |b 3 |c Αφένδρας | ||
| 040 | |a GR-MY-UA |b gre |e aacr | ||
| 041 | 0 | |a eng | |
| 082 | 0 | |a Π 006.35016 |2 (19) | |
| 245 | 1 | 0 | |a Natural language processing in the 1980s : |b a bibliography / |c Gerald Gazdar ... [et al.] |
| 260 | |a Stanford, CA : |b Center for the Study of Language and Information, |c c1987 | ||
| 300 | |a viii, 240 p.; |c 24 cm | ||
| 490 | 1 | |a CSLI lecture notes |v ; no. 12 | |
| 504 | |a Περιέχει ευρετήρια | ||
| 650 | 0 | 0 | |a Natural language processing (Computer science) |x Bibliography. |
| 700 | 1 | |a Gazdar, Gerald. | |
| 830 | 0 | |a CSLI lecture notes ; |v ; no. 12 | |
| 852 | |a INST |b RHODES |e 19980930 |h 006.35016 NAT |p 005400003045 |q 005400003045 |t REF |y 23 | ||
| 909 | |a Ρ |b 011878 |c 1988 | ||